Estado gobierno y sociedad : (Registro nro. 11725)

Detalles MARC
000 -LEADER
fixed length control field 01481nam a2200397 4500
001 - CONTROL NUMBER
control field 0000024524
003 - CONTROL NUMBER IDENTIFIER
control field CO-CtgCURN
005 - DATE AND TIME OF LATEST TRANSACTION
control field 20250329191030.0
007 - PHYSICAL DESCRIPTION FIXED FIELD--GENERAL INFORMATION
fixed length control field ta
008 - FIXED-LENGTH DATA ELEMENTS--GENERAL INFORMATION
fixed length control field 160628s1989 000 0 eng d
020 ## - INTERNATIONAL STANDARD BOOK NUMBER
International Standard Book Number 9681631420
040 ## - CATALOGING SOURCE
Original cataloging agency CO-CtgCURN
Language of cataloging spa
Transcribing agency coctgcurn
082 0# - DEWEY DECIMAL CLASSIFICATION NUMBER
Classification number 320
Item number B663e
100 1# - MAIN ENTRY--PERSONAL NAME
Personal name Bobbio, Norberto.
245 10 - TITLE STATEMENT
Title Estado gobierno y sociedad :
Remainder of title por una teoria general de la política /
Statement of responsibility, etc. Norberto Bobbio , traducción José F. Fernández Santillan.
260 ## - PUBLICATION, DISTRIBUTION, ETC.
Place of publication, distribution, etc. Mexico :
Name of publisher, distributor, etc. Fondo de Cultura Economica,
Date of publication, distribution, etc. 1989.
300 ## - PHYSICAL DESCRIPTION
Extent 293 p.
336 ## - CONTENT TYPE
Source rdacontent
337 ## - MEDIA TYPE
Source rdamedia
Media type term sin mediacion
Media type code n
338 ## - CARRIER TYPE
Source rdacarrier
Carrier type term volumen
Carrier type code nc
490 1# - SERIES STATEMENT
Series statement Breviarios del Fondo de Cultura Economica ;
Volume/sequential designation 487
505 8# - FORMATTED CONTENTS NOTE
Formatted contents note La gran dicotomia publico/privado.--La sociedad civil.--Estado, poder y gobierno.--Democracia y dictadura
650 14 - SUBJECT ADDED ENTRY--TOPICAL TERM
Topical term or geographic name entry element Democracia.
650 14 - SUBJECT ADDED ENTRY--TOPICAL TERM
Topical term or geographic name entry element Sociología política.
650 14 - SUBJECT ADDED ENTRY--TOPICAL TERM
Topical term or geographic name entry element Estado.
650 14 - SUBJECT ADDED ENTRY--TOPICAL TERM
Topical term or geographic name entry element Ciencia política.
700 1# - ADDED ENTRY--PERSONAL NAME
Personal name Fernández Santillan, José F.
International Standard Serial Number Traductor.
908 ## - PUT COMMAND PARAMETER (RLIN)
Put command parameter 160627
942 ## - ADDED ENTRY ELEMENTS (KOHA)
Koha item type Libros
Classification part 320
Item part B663e
Source of classification or shelving scheme Dewey Decimal Classification
Existencias
Withdrawn status Lost status Source of classification or shelving scheme Damaged status Not for loan Collection Home library Current library Shelving location Date acquired Inventory number Total checkouts Full call number Barcode Date last seen Copy number Price effective from Koha item type Public note
    Dewey Decimal Classification     General Miguel Henríquez Castañeda Miguel Henríquez Castañeda General 03/29/2025 012940   320 B663e 012940 03/29/2025 ej 03/29/2025 Libros 320-CIENPO
    Dewey Decimal Classification     General Miguel Henríquez Castañeda Miguel Henríquez Castañeda General 03/29/2025 012941   320 B663e 012941 03/29/2025 ej.2 03/29/2025 Libros 320-CIENPO
    Dewey Decimal Classification     General Miguel Henríquez Castañeda Miguel Henríquez Castañeda General 03/29/2025 012942   320 B663e 012942 03/29/2025 ej.3 03/29/2025 Libros 320-CIENPO
    Dewey Decimal Classification     General Miguel Henríquez Emiliani Miguel Henríquez Emiliani General 03/29/2025 012943   320 B663e 012943 03/29/2025 ej.4 03/29/2025 Libros 320-CIENPO
    Dewey Decimal Classification     General Miguel Henríquez Emiliani Miguel Henríquez Emiliani General 03/29/2025 012944   320 B663e 012944 03/29/2025 ej.5 03/29/2025 Libros 320-CIENPO
    Dewey Decimal Classification     General Miguel Henríquez Emiliani Miguel Henríquez Emiliani General 03/29/2025 012945   320 B663e 012945 03/29/2025 ej.6 03/29/2025 Libros 320-CIENPO